Southville International School and Colleges
Your cart is empty.
  • Cart
  • Lists
    Public lists Eva Luna New books Lux_list list_1
    Your lists Log in to create your own lists
  • Log in to your account
  • Your cookies
  • Search history
Southville International School and Colleges
  • Advanced search
  • Recent comments
  • Most popular
  • Libraries

Log in to your account

Log in with GOOGLE


If you do not have an external account, but do have a local account, you can still log in:

  1. Home
  2. MARC view: The magic school bus inside the human body /
Normal view MARC view ISBD view

The magic school bus inside the human body / (Record no. 114611)

[ view plain ]
MARC details
000 -LEADER
fixed length control field 00684nam a2200193 a 4500
005 - DATE AND TIME OF LATEST TRANSACTION
control field 20140414132106.0
008 - FIXED-LENGTH DATA ELEMENTS--GENERAL INFORMATION
fixed length control field 100902s19uu xx 00 eng d
020 ## - INTERNATIONAL STANDARD BOOK NUMBER
International Standard Book Number 0590414267
050 ## - LIBRARY OF CONGRESS CALL NUMBER
Classification number M 612
Item number C67 1989
100 ## - MAIN ENTRY--PERSONAL NAME
Personal name Cole, Joanna.
245 ## - TITLE STATEMENT
Title The magic school bus inside the human body /
Statement of responsibility, etc by Joanna Cole ; illustrated by Bruce Degen.
260 ## - PUBLICATION, DISTRIBUTION, ETC. (IMPRINT)
Place of publication, distribution, etc New York :
Name of publisher, distributor, etc Scholastic,
Date of publication, distribution, etc 1992.
520 ## - SUMMARY, ETC.
Summary, etc A special field trip on the magic school bus allows Ms. Frizzle�s class to get a first-hand look at major parts of the body and how they work.
650 ## - SUBJECT ADDED ENTRY--TOPICAL TERM
Topical term or geographic name as entry element Human body
General subdivision Juvenile literature.
650 ## - SUBJECT ADDED ENTRY--TOPICAL TERM
Topical term or geographic name as entry element
General subdivision
650 ## - SUBJECT ADDED ENTRY--TOPICAL TERM
Topical term or geographic name as entry element
700 ## - ADDED ENTRY--PERSONAL NAME
Personal name Degen, Bruce
Holdings
Withdrawn status Lost status Damaged status Use restrictions Home library Current library Shelving location Date acquired Source of acquisition Cost, normal purchase price Total Checkouts Full call number Barcode Date last seen Price effective from Koha item type
        Munich Library Munich Library Main Section 09/02/2010   225.00   M 612 C67 1989 M6481 04/14/2014 04/14/2014 Books

The magic school bus inside the human body /

APA

Cole J., Degen, . (1992). The magic school bus inside the human body. New York: Scholastic.

Chicago

Cole Joanna, Degen, . 1992. The magic school bus inside the human body. New York: Scholastic.

Harvard

Cole J., Degen, . (1992). The magic school bus inside the human body. New York: Scholastic.

MLA

Cole Joanna, Degen, . The magic school bus inside the human body. New York: Scholastic. 1992.

  • Place hold
  • Print
  • Cite
  • Add to your cart (remove)
  • Save record
    BIBTEX Dublin Core MARCXML MARC (non-Unicode/MARC-8) MARC (Unicode/UTF-8) MARC (Unicode/UTF-8, Standard) MODS (XML) RIS
  • More searches
    Search for this title in:
    Other Libraries (WorldCat) Other Databases (Google Scholar) Online Stores (Bookfinder.com) Open Library (openlibrary.org)

Exporting to Dublin Core...

SOUTHVILLE LIBRARY

Southville International School and Colleges Library

1281 Tropical Ave. Cor. Luxembourg St., BF Homes International, Las Pinas City

Tel. No. 8256374 / 252358 Loc. 117/146

Powered by Koha